000 00496cam a2200181ua 4500
001 6302
008 131128n ii |||gr||||Z||||||asm
040 _cMAIN
082 _a332.1
245 _aBenkar ain aru prayog byawastha
_cBy Hem Barua
260 _aDibrugarh:
_bpathyaputhi prastuti samanay samiti,
_c1978.
300 _ax,318p.
653 _aCommerce
653 _aBenkar ain aru prayog byawastha
700 _aBarua,Hem,
_eAuthor.,
700 1 _aGoswami,Tarunmohan,
_eAuthor.
942 _cBK
999 _c5454
_d5454